Štatistika a riadenie kvality

Saved in:
Bibliographic Details
Main Author: Chajdiak, Jozef
Format: Book
Language:Slovak
Published: Bratislava STATIS 1995
Edition:1. vyd.
Subjects:
Tags: Add Tag
No Tags, Be the first to tag this record!

MARC

LEADER 00000nam a2200000 4500
001 c012120
005 20221214073002.2
020 |a 80-85659-04-2 
041 0 |a slo 
044 |a SK 
245 1 0 |a Štatistika a riadenie kvality  |c Jozef Chajdiak 
250 |a 1. vyd. 
264 1 |a Bratislava  |b STATIS  |c 1995 
300 |a 164 s. 
610 2 0 |a štatistika 
610 2 0 |a analýza štatistická 
610 2 0 |a riadenie kvality 
610 2 0 |a metódy štatistické 
610 2 0 |a analýza korelačná 
610 2 0 |a analýza regresná 
610 2 0 |a softvér 
610 2 0 |a využitie počítačov 
610 2 0 |a proces výrobný 
610 2 0 |a kvalita výrobkov 
100 1 |a Chajdiak, Jozef